<?xml version="1.0" encoding="UTF-8"?>
<resp>
  <nextPage>https://data.bn.org.pl/api/networks/bibs.marcxml?marc=001+b00001150001726&amp;sinceId=1150001727</nextPage>
  <collection>
    <record xmlns='http://www.loc.gov/MARC21/slim'><leader>01004namZa2200325ZiZ4500</leader><controlfield tag='001'>b00001150001726</controlfield><controlfield tag='005'>20241203220429.2</controlfield><controlfield tag='008'>230609s        pl           |000 0 pol c</controlfield><controlfield tag='009'>9913261772405606</controlfield><datafield ind1=' ' ind2=' ' tag='020'><subfield code='a'>1 85917 038 2</subfield></datafield><datafield ind1=' ' ind2=' ' tag='035'><subfield code='a'>KR_1KR_1_20120317231631079795-48omnis_kr</subfield></datafield><datafield ind1=' ' ind2=' ' tag='035'><subfield code='a'>KR_1_20120317231631079795</subfield><subfield code='9'>ExL</subfield></datafield><datafield ind1=' ' ind2=' ' tag='035'><subfield code='a'>(PL)b00001150001726</subfield></datafield><datafield ind1=' ' ind2=' ' tag='040'><subfield code='a'>KR_1</subfield><subfield code='c'>KR_1</subfield></datafield><datafield ind1='1' ind2=' ' tag='041'><subfield code='a'>pol</subfield><subfield code='h'>eng</subfield></datafield><datafield ind1='1' ind2=' ' tag='100'><subfield code='a'>Travers, P. L.</subfield><subfield code='d'>(1899-1996)</subfield></datafield><datafield ind1='1' ind2='0' tag='245'><subfield code='a'>Mary Poppins w parku /</subfield><subfield code='c'>Pamela L. Travers ; przeł.Irena Tuwim ; il. Mary Shepard.</subfield></datafield><datafield ind1=' ' ind2=' ' tag='260'><subfield code='a'>Londyn :</subfield><subfield code='b'>&quot;Puls&quot;,</subfield><subfield code='c'>cop. 1994.</subfield></datafield><datafield ind1=' ' ind2=' ' tag='300'><subfield code='a'>277 s. :</subfield><subfield code='b'>rys. ;</subfield><subfield code='c'>20 cm.</subfield></datafield><datafield ind1='1' ind2=' ' tag='490'><subfield code='a'>Dla Dzieci i Młodzieży</subfield></datafield><datafield ind1=' ' ind2=' ' tag='500'><subfield code='a'>d</subfield></datafield><datafield ind1='1' ind2=' ' tag='700'><subfield code='a'>Tuwim, Irena.</subfield><subfield code='e'>Tł.</subfield></datafield><datafield ind1='1' ind2=' ' tag='700'><subfield code='a'>Shepard, Mary.</subfield><subfield code='e'>Il.</subfield></datafield><datafield ind1=' ' ind2=' ' tag='852'><subfield code='b'>48OMNIS_NETWORK</subfield><subfield code='8'>9913261772405606</subfield></datafield><datafield ind1=' ' ind2=' ' tag='852'><subfield code='b'>48OMNIS_KR</subfield><subfield code='8'>991000017259708216</subfield></datafield><datafield ind1=' ' ind2=' ' tag='920'><subfield code='a'>1 85917 038 2</subfield></datafield></record>
  </collection>
</resp>
